ICMEA 2019 : International Conference on Material Engineering and Application : Kuala Lumpur, Malaysia, August 23-25, 2019
Salvato in:
| Ente Autore: | |
|---|---|
| Natura: | Atti del Convegno Libro |
| Lingua: | inglese |
| Pubblicazione: |
2019
|
| Edizione: | 1. vyd. |
| Tags: |
Nessun Tag, puoi essere il primo ad aggiungerne!!
|
MARC
| LEADER | 00000nam a22000003a 4500 | ||
|---|---|---|---|
| 001 | 0075677 | ||
| 003 | SK-STU | ||
| 005 | 20190916085912.7 | ||
| 007 | ta | ||
| 008 | 190913s ----xo-----e------100-0-----d | ||
| 040 | |a STU |b slo | ||
| 041 | 0 | |a eng | |
| 044 | |a my | ||
| 111 | 2 | |a International Conference on Material Engineering and Application |d 23.-25.8.2019 |c Kuala Lumpur, Malaysia |e ICMEA 2019 | |
| 245 | 1 | 0 | |a ICMEA 2019 : |b International Conference on Material Engineering and Application : Kuala Lumpur, Malaysia, August 23-25, 2019 |
| 250 | |a 1. vyd. | ||
| 260 | |c 2019 | ||
| 300 | |a 41 s. | ||
| 996 | |b 284M088201 |c M* Z-4456 |l MMKN |s A |a 24 |w 0075677_0001 | ||